000 00786nam a2200205 a 4500
003 0
005 20250305144650.0
008 101013s19uu xx 00 eng d
050 _aPHS DS 610.73.L44
_b.Ab5 2010
100 _aAbila, Paolo Miguel O.
245 _aLee Kuan Yew's role in the economic development of Singapore /
_cPaolo Miguel O. Abila.
260 _aLas PiƱas City, Philippines :
_bSouthville International School and Colleges,
_c2010.
300 _a33 pages ;
_c30 cm.
600 _aLee, Kuan Yew
_d1923-2015.
650 _aSingapore
_xEconomic conditions
_v20th century.
650 _aSingapore
_xPolitics and government
_v20th century.
650 _aEconomic development
_zSingapore
_xHistory.
650 _aPolitical leadership
_zSingapore
_xHistory.
942 _2lcc
_cPASS
999 _c98434
_d98434